<?xml version="1.0" encoding="UTF-8"?>
<record
    xmlns:xsi="http://www.w3.org/2001/XMLSchema-instance"
    xsi:schemaLocation="http://www.loc.gov/MARC21/slim http://www.loc.gov/standards/marcxml/schema/MARC21slim.xsd"
    xmlns="http://www.loc.gov/MARC21/slim">

  <leader>00782cam a2200265 a 4500</leader>
  <controlfield tag="001">169921</controlfield>
  <controlfield tag="003">OSt</controlfield>
  <controlfield tag="005">20180921</controlfield>
  <controlfield tag="008">0000002010                          dr AN  0000000000spa00</controlfield>
  <datafield tag="020" ind1=" " ind2=" ">
    <subfield code="a">978-84-89327-33-7</subfield>
  </datafield>
  <datafield tag="245" ind1=" " ind2=" ">
    <subfield code="a">Vademecum internacional : primera gu&#xED;a farmacol&#xF3;gica completa</subfield>
    <subfield code="c">directora Ma. Jes&#xFA;s Canales</subfield>
  </datafield>
  <datafield tag="260" ind1=" " ind2=" ">
    <subfield code="a">Madrid :</subfield>
    <subfield code="b">UBM Medica Spain</subfield>
  </datafield>
  <datafield tag="300" ind1=" " ind2=" ">
    <subfield code="a">1058 p.</subfield>
  </datafield>
  <datafield tag="500" ind1=" " ind2=" ">
    <subfield code="a">El libro no trajo CD</subfield>
  </datafield>
  <datafield tag="504" ind1=" " ind2=" ">
    <subfield code="a">Incluye &#xED;ndice
</subfield>
  </datafield>
  <datafield tag="650" ind1=" " ind2=" ">
    <subfield code="a">Farmacolog&#xED;a</subfield>
    <subfield code="a">Medicamentos</subfield>
    <subfield code="a">Terape&#xFA;tica</subfield>
  </datafield>
  <datafield tag="700" ind1=" " ind2=" ">
    <subfield code="a">Canales, Mar&#xED;a Jes&#xFA;s, dir</subfield>
  </datafield>
  <datafield tag="040" ind1=" " ind2=" ">
    <subfield code="a">DLC</subfield>
    <subfield code="c">DLC</subfield>
  </datafield>
  <datafield tag="942" ind1=" " ind2=" ">
    <subfield code="2">ddc</subfield>
    <subfield code="c">BK</subfield>
  </datafield>
  <datafield tag="999" ind1=" " ind2=" ">
    <subfield code="c">169921</subfield>
    <subfield code="d">16992100</subfield>
  </datafield>
  <datafield tag="952" ind1=" " ind2=" ">
    <subfield code="0">0</subfield>
    <subfield code="1">0</subfield>
    <subfield code="2">ddc</subfield>
    <subfield code="4">0</subfield>
    <subfield code="7">0</subfield>
    <subfield code="a">1</subfield>
    <subfield code="b">1</subfield>
    <subfield code="d">2018-08-17</subfield>
    <subfield code="o">R 615.1 V123i 2010</subfield>
    <subfield code="y">BK</subfield>
  </datafield>
</record>
